1576 1333 1796 1641 1545 1876 1818 1157 1791 1290 1249 1411 1988 1490 1939 1221 1387 1145 1944 1947 1417 1441 1772 1046 1641 1448 1179 1196 1005 1336 1648 1459 1110 1218 1391 1544 1988 1043 1584 1321 1426 1113 1630 1773 1997 1580 1665 1681 1643 1830 1063 1842 1358 1810 1975 1166 1902 1006 1591 1167 1887 1232 1786 1327 1813 1462 1530 1927 1188 1831 1868 1565 1277 1301 1350 1455 1215 1789 1601 1429 1272 1289 1195 1691 1953 1547 1518 1591 1683 1664 1360 1269 1807 1577 1173 1822 1898 1248 1327 BCNSPRNW ULIB Ver.6.0+V

เปลี่ยนเป็นภาษาไทย

Change to English
 แสดงรายละเอียดบรรณานุกรม
  กลับหน้าหลัก

Brief Record : Get Marc (ISO 2709) : E-mail record : QR code < ปิดหน้าต่าง
LEADER : 00000nam 2200000uu 4500
001    13399110388
003     ULIB
008    110429s2548||||th 000 0 tha d
020    9749304233
060 04 WO100^bศ338 2548
245 00 ศัลยศาสตร์วิวัฒน์ 29 :^bGastrointestinal endoscopy /^cบรรณาธิการ, ทวี รัตนชูเอก ... [และคนอื่นๆ]
246 31 Gastrointestinal endoscopy
250    พิมพ์ครั้งที่ 1
260    กรุงเทพฯ :^bกรุงเทพเวชสาร,^c2548
300    ก-ซ, 331 หน้า :^bภาพประกอบ,^c21 ซม.
650  7 กระเพาะอาหาร, การส่องตรวจด้วยกล้อง
650  7 กระเพาะอาหารและสำไล้, ศัลยกรรม
650  7 ศัลยศาสตร์
700 0  ทวี รัตนชูเอก,^eบรรณาธิการ
945    ^p380^l0^i018795
995    ทศพร
999 ^a ใช้งานได้ทุกระบบ
รายการนี้ยังไม่มีแท็ก
คุณยังไม่ได้ล็อกอิน คุณสามารถมีกิจกรรมร่วมกับเว็บไซต์ได้ แต่ต้องล็อกอินก่อน ::
  ล็อกอิน

รายการสื่อสารสนเทศ

ลำดับที่ ประเภท เลขเรียก/บาร์โค้ด สถานที่ สถานะ
1. วิทยาศาสตร์การแพทย์ และสุขภาพ
วิทยาศาสตร์การแพทย์ และสุขภาพ
สถานะ=หนังสือเก่า
WO100 ศ338 2548 ฉ.1 
  Barcode: 018795
ห้องสมุดวิทยาเขตสวรรค์ประชารักษ์
►ส่วนจัดเก็บหนังสือเก่า สปร
บนชั้น
  ขอยืม

รายการใกล้เคียง
    หัวเรื่อง [ศัลยศาสตร์]

BibComment


ยังไม่เคยถูกคอมเมนท์

คอมเมนท์ทรัพยากรรายการนี้
  คอมเมนท์: ศัลยศาสตร์วิวัฒน์..


 Copyright 2026. Bcnsprnw @Library